000 00735nam a2200253Ia 4500
003 OSt
005 20220928114535.0
006 a|||||r|||| 00| 0
007 ta
008 220927b |||||||| |||| 00| 0 eng d
020 _c1223.1101000000001
024 _a68936
037 _b167, 16/11/2010, Pioneer Book Distributors
_cTextual
040 _aSDCL
_cSDCL
_beng
041 _2eng
_aeng
082 _aR3xM44:g, P8
100 _aHovey Craig
_9439595
245 0 _aNietzsche and theology.
260 _aLondon
_bT and T Clark
_c2008
300 _ax,173p.
_ccm.
650 _aPhilosophy
942 _hR3xM44:g, P8
_cTEXL
_2CC
999 _c755283
_d755283